Marienburg - Schloss- und Stadtführer

Titel: Marienburg - Schloss- und Stadtführer / [Text und Fotos: Christofer Herrmann]
Verfasser:
Veröffentlicht: Olsztyn : Artes-Verlag, 2007
Umfang: 31 Seiten : Illustrationen, Diagramme, Karten ; 240 mm x 165 mm
Format: Buch
Sprache: Deutsch
Schlagworte:
ISBN: 3865683088 ; 9783865683083 ; 9788392545842
Buchumschlag
X
alg: 18951540
001A    $00066:13-08-07 
001B    $01999:27-07-24 $t17:08:56.000 
001D    $00066:24-08-07 
001U    $0utf8 
001X    $00 
002@    $0Aau 
002C    $aText $btxt $2rdacontent 
002C    $aunbewegtes Bild $bsti $2rdacontent 
002D    $aohne Hilfsmittel zu benutzen $bn $2rdamedia 
002E    $aBand $bnc $2rdacarrier 
003@    $0189515406 
003O    $0263646042 $aOCoLC 
004A    $03-86568-308-8 $A978-3-86568-308-3 
004A    $A978-83-925458-4-2 
004K    $09783865683083 
006G    $0984434658 
006T    $007,N27,2184 
006U    $007,A47,1269 $f20070530 
007A    $0189515406 $aHEB 
007I    $0thf63731 
007T    $0Herdhh189515406 
009P    $qtext/html $A2 $3Inhaltstext $uhttp://deposit.dnb.de/cgi-bin/dokserv?id=2968165&prov=M&dok_var=1&dok_ext=htm 
010@    $ager 
011@    $a2007 
013D    $RFührer $#Kunst Führer $#Kunstreiseführer $74166029-8 $8Kunstführer [Ts1] $9085745626 
021A    $aMarienburg - Schloss- und Stadtführer $h[Text und Fotos: Christofer Herrmann] 
027A    $aMarienburg 
028A    $BVerfasser $4aut $711571877X $8Herrmann, Christofer$Z1962- [Tp1] $9149877579 
033A    $pOlsztyn $nArtes-Verlag 
034D    $a31 Seiten 
034I    $a240 mm x 165 mm 
034M    $aIllustrationen, Diagramme, Karten 
044K    $qDNB $RMalbork $74122605-7 $8Burg Marienburg$gMalbork [Tg1] $9085401579 
045E    $c720 
045F    $a728.810943832 $eDDC22ger 
045F/01 $a728.81 
045F/03 $g43832 

lok: 18951540 21
101B    $015-08-07 $t16:56:05.000 
101C    $015-08-07 
101U    $0utf8 
145Z/01 $aPetersberg Ae 331 Imhof-Verl. 

exp: 18951540 21 1 #EPN
201B/01 $024-08-07 $t15:41:12.000 
201C/01 $013-08-07 
201U/01 $0utf8 
203@/01 $0507280954 
208@/01 $a24-08-07 $bz 
209A/01 $a2007/2343 $di $f100 $x00 
209G/01 $a52265924 $x00 
209G/01 $aMagazin $x01 
247C/01 $8640100-4 <66>Fulda, Hochschul- und Landesbibliothek Fulda, Standort Heinrich-von-Bibra-Platz $9102599599 

exp: 18951540 21 2 #EPN
201B/02 $027-08-07 $t11:42:14.000 
201C/02 $013-08-07 
201U/02 $0utf8 
203@/02 $0507280962 
208@/02 $a27-08-07 $bz 
209A/02 $a2007/2453 $du $f100 $x00 
209G/02 $aMagazin $x01 
209G/02 $a52266335 $x00 
247C/02 $8640100-4 <66>Fulda, Hochschul- und Landesbibliothek Fulda, Standort Heinrich-von-Bibra-Platz $9102599599 

lok: 18951540 24

exp: 18951540 24 1 #EPN
201B/01 $009-01-09 $t16:50:28.000 
201C/01 $009-01-09 
201U/01 $0utf8 
203@/01 $0565584731 
208@/01 $a09-01-09 $ba 
209A/01 $azur Erwerbung bestellt $f050 $x00 
220C/01 $awar 
247C/01 $8358050-7 Marburg, Bibliothek des Herder-Instituts Marburg $9102600961 

lok: 18951540 76
101B    $010-12-14 $t15:42:18.000 
101U    $0utf8 
144Z/01 $aMarienburg  / Burg 
144Z/02 $aKunstführer 
144Z/03 $aMarienburg  
144Z/04 $aGeschichte 
144Z/05 $aArchitektur Marienburg  

exp: 18951540 76 1 #EPN
201B/01 $010-12-14 $t15:42:18.000 
201U/01 $0utf8 
203@/01 $0746103921 
208@/01 $a03-12-14 $br 
209A/01 $a2007:2205 $du $f000 $h2007 2205 $x00 
209C/01 $a2007:2205 $h2007 2205 
209G/01 $aFUL2$0432894 $x00 
209G/01 $aMagazin $x01 
237A/01 $aEngl. Ausg. u.d.T.: Herrmann, Christofer: Malbork 
245S/01 $aGesch $x01 
247C/01 $8648002-0 Fulda, Bibliothek des Bischöflichen Priesterseminars $9320103366 

lok: 18951540 78

exp: 18951540 78 1 #EPN
201B/01 $011-01-18 $t23:05:40.000 
201U/01 $0utf8 
203@/01 $0793526019 
208@/01 $a12-11-16 $be 
209A/01 $a/ $f000 $x00 
220C/01 $aTitelaufnehmer: wr 
244Z/01 $2Trx $#Prusy Wschodnie i Zachodnie $8--Trx--Ost- und Westpreußen $x01 $939113373X 
244Z/01 $2Trx $#Poola $#Lenkija $#Polija $#Polen Land $#Poland $#Lengyelország $#Poľsko $#Polsko $8--Trx--Polska$gkraj $x02 $9391345966 
244Z/01 $#Marienburg Westpreußen $71148108955 $8--Tg1--Malbork $x03 $9423704907 
244Z/01 $aGeschichte 1270-2007 $x04 
244Z/01 $2Trx $#kindlus $#pilys $#Castles $#várak $#grody $#hrady $#hrady $#Motten $8--Trx--Burgen $x05 $9391356380 
244Z/01 $2Trx $#ordud Saksa Ordu $#ordinas kryžiuočių $#order Teutonic Knights $#rendek Német Lovagrend $#zakony, krzyżacy $#rád, nemeckí rytieri $#řád, němečtí rytíři $#Deutscher Orden $#Ritterorden $#zakon krzyżacki $#zakon niemiecki $#nemeckí rytieri $8--Trx--Orden$gDeutscher Orden $x06 $9391363204 
244Z/01 $2Trx $#giidid $#kelionių vadovai $#travel guides $#úti kalauz $#przewodniki turystyczne $#sprievodcovia turistickí $#průvodce, turistika $8--Trx--Reiseführer $x07 $9391373587 
244Z/01 $2Trx $#lossid ja paleed $#pilys ir rūmai $#Castles and palaces $#kastélyok és paloták $#zamki i pałace $#zámky a paláce $#zámky a paláce $#Paläste $#Architektur Schlösser $#pałace $#paláce $#paláce $8--Trx--Schlösser und Paläste $x08 $9391360531 
244Z/01 $2Trx $8--Trx--Monographie $x09 $9391384546 
244Z/01 $2Trx $#ülevaated kohad $#vietovės bendras $#overview cities $#ábrázolások, átfogó helyek $#miejscowości poszczególne $#dejiny miestne $#dějiny místní $#Ortsgeschichte $#Städte $#Orte $#miasta $#miestne dejiny $8--Trx--Darstellungen, übergreifende$gOrte $x10 $9391384228 
245Z/01 $a13.03 $x01 
245Z/01 $a11.03 $x02 
247C/01 $82080>Marburg/Lahn, Herder-Institut, Forschungsbibliothek, Bibliographieportal $9336309341
LEADER 00000cam a2200000 c 4500
001 189515406
003 DE-603
005 20240727170856.0
007 tu
008 070813s2007 xx |||| | u00||u|ger
015 |a 07,A47,1269  |z 07,N27,2184  |2 dnb 
016 7 |2 DE-101  |a 984434658 
020 |a 3865683088 
020 |a 9783865683083 
020 |a 9788392545842 
024 3 |a 9783865683083 
035 |a (DE-599)HEB189515406 
035 |a (OCoLC)263646042 
040 |a DE-603  |b ger  |c DE-603  |d DE-603 
041 |a ger 
082 0 4 |8 1\u  |a 728.810943832  |q DE-101  |2 22/ger 
084 |a 720  |q DE-101  |2 sdnb 
085 |8 1\u  |b 728.81 
085 |8 1\u  |z 2  |s 43832 
100 1 |a Herrmann, Christofer  |d 1962-  |e Verfasser  |4 aut  |0 (DE-603)149877579  |0 (DE-588)11571877X  |2 gnd 
245 0 0 |a Marienburg - Schloss- und Stadtführer  |c [Text und Fotos: Christofer Herrmann] 
246 1 3 |a Marienburg 
264 1 |a Olsztyn  |b Artes-Verlag  |c 2007 
300 |a 31 Seiten  |b Illustrationen, Diagramme, Karten  |c 240 mm x 165 mm 
336 |a Text  |b txt  |2 rdacontent 
336 |a unbewegtes Bild  |b sti  |2 rdacontent 
337 |a ohne Hilfsmittel zu benutzen  |b n  |2 rdamedia 
338 |a Band  |b nc  |2 rdacarrier 
651 7 |a Burg Marienburg  |g Malbork  |0 (DE-588)4122605-7  |0 (DE-603)085401579  |2 gnd 
655 7 |a Kunstführer  |2 gnd-content  |0 (DE-588)4166029-8  |0 (DE-603)085745626 
856 4 2 |q text/html  |u http://deposit.dnb.de/cgi-bin/dokserv?id=2968165&prov=M&dok_var=1&dok_ext=htm  |3 Inhaltstext 
924 0 |9 66  |a (DE-603)507280954  |b DE-66  |c HES  |d c  |g 2007/2343  |h Magazin 
924 0 |9 66  |a (DE-603)507280962  |b DE-66  |c HES  |d c  |g 2007/2453  |h Magazin 
924 0 |9 Mb 50  |a (DE-603)565584731  |b DE-Mb50  |c HES  |d c  |g zur Erwerbung bestellt 
924 0 |9 Ful 2  |a (DE-603)746103921  |b DE-Ful2  |c HES  |d d  |g 2007:2205 
924 0 |9 2080  |a (DE-603)793526019  |b DE-2080  |c HES  |d d  |g /